00431 2200181 4500001002100000005001500021008004100036020002200077035001900099041000700118082001000125090001600135100002000151245002700171260002500198300001700223650000900240INLIS00000000000264620241224112557241224||||||||| | ||| |||| || |  a978-602-7652-42-2 0010-1224002646 aid0 a758.3 a758.3 MUN f0 aMunika Hasibuan00aFun Time di Dunia Trey atangerangbBuah Hati a32 hlm;28 cm 0aSeni